Transistor.

Guardado en:
Autor Corporativo: Deutsch-Osterreichische Buchhandels-und Verlags-gesellschaft.
Formato: Libro
Idioma:German
English
French
Italian
Spanish
Publicado: Munchen : DOV, [19-?]
Materias:
Etiquetas: Agregar Etiqueta
Sin Etiquetas, Sea el primero en etiquetar este registro!
LEADER 01086nam a22002775a 4500
001 EIQ.libpla004054
008 080508q19-?####gw#######e####000#0#ger#d
005 20080508165448.0
245 0 0 |a Transistor. 
260 |a Munchen :  |b DOV,  |c [19-?] 
300 |a 2 v. :  |b tablas ;  |c 16x21 cm. 
500 |a Texto en alemán, inglés, francés, italiano y español. 
505 0 |a vol. 1. Transistor 1 : A-Z -- vol. 2. Transistor 2 : 0-µ 
020 |a 3927486000 (v. 1) 
020 |a 3927486019 (v. 2) 
710 2 |a Deutsch-Osterreichische Buchhandels-und Verlags-gesellschaft. 
650 4 |a Circuitos electrónicos  |x Tablas. 
650 4 |a Circuitos electrónicos  |x Enciclopedia. 
650 4 |a Circuitos electrónicos  |x Transistores. 
650 4 |a Electron circuits  |x Tables. 
650 4 |a Electron circuits  |x Transistors. 
650 4 |a Electron circuits  |x Encyclopedia. 
040 |a AR-BbSID  |b spa  |c AR-BbSID 
041 1 |a ger  |a eng  |a fre  |a ita  |a spa 
859 |a AR-BbSID  |b BIB. PLAPIQUI  |h 621.381 528  |i T 687  |p 3912  |v Vol. 1  |3 Vol. 1 
859 |a AR-BbSID  |b BIB. PLAPIQUI  |h 621.381 528  |i T 687  |p 3913  |v Vol. 2  |3 Vol. 2